000 01065nam a2200229Ia 4500
003 Ost
005 20260507075738.0
008 260507s9999||||xx |||||||||||||| ||und||
020 _a9957112937
040 _cfsecg
041 _aara
082 _a658.562
100 _aالعزاوي، محمد عبد الوهاب
_eمؤلف
245 0 _aأنظمة إدارة الجودة والبيئة /
_c محمد عبد الوهاب العزاوي
260 _aعمان:
_bدار وائل للنشر والتوزيع,
_c2002
300 _a254 صفحة؛
_bإيضاحات ؛
_c25 سم
504 _aببليوغرافيا: ص.247
520 _aمفهوم الجودة والمواصفات العالمية،المواصفات العالمية للجودة ISO 9000 ،عائلة المواصفة العالمية للجودة ISO 9000،أنظمة إدارة الجودة،ISO 9001/2000،توثيق نظام الجودة وتخطيطه،نظام الإدارة البيئيةISO 14000
653 _aالبيئة
653 _aضبط الجودة
942 _cكتاب
999 _c46109
_d46109